Calendarios mexicanos = Mexican Calendars (Record no. 8807)

MARC details
000 -CABECERA
campo de control de longitud fija 00934nam a2200253 a 4500
001 - NÚMERO DE CONTROL
campo de control BRCA_9160
005 - FECHA Y HORA DE LA ÚLTIMA TRANSACCIÓN
campo de control 20190320210536.0
008 - DATOS DE LONGITUD FIJA--INFORMACIÓN GENERAL
campo de control de longitud fija 031018s2014----mx-a######---#000-0#spa-#
020 ## - NÚMERO INTERNACIONAL ESTÁNDAR DEL LIBRO
Número Internacional Estándar del Libro 9786077805083
041 ## - CÓDIGO DE LENGUA
Código de lengua del texto/banda sonora o título independiente spa
044 ## - CÓDIGO DEL PAÍS DE LA ENTIDAD EDITORA/PRODUCTORA
Código MARC del país mx
050 #4 - SIGNATURA TOPOGRÁFICA DE LA BIBLIOTECA DEL CONGRESO
Número de clasificación NC1002.C3
Número de documento/Ítem .C35 2014
245 10 - MENCIÓN DE TÍTULO
Título Calendarios mexicanos = Mexican Calendars
Mención de responsabilidad, etc. coordinación y cuidado de la edición Héctor Palhares Meza, Minerva Mogollán García ; traducción Gregory Dechant … [et al.].
260 ## - PUBLICACIÓN, DISTRIBUCIÓN, ETC.
Lugar de publicación, distribución, etc. México
Nombre del editor, distribuidor, etc. Museo Soumaya : Fundación Carlos Slim
Fecha de publicación, distribución, etc. c2014
300 ## - DESCRIPCIÓN FÍSICA
Extensión 357 p.
Otras características físicas il. (principalmente a color)
Dimensiones 28 cm.
546 ## - NOTA DE LENGUA/LENGUAJE
Nota de lengua/lenguaje Texto en : español e inglés
610 24 - PUNTO DE ACCESO ADICIONAL DE MATERIA--NOMBRE DE ENTIDAD CORPORATIVA
Nombre de entidad corporativa o nombre de jurisdicción como elemento de entrada Museo Soumaya (Ciudad de México)
9 (RLIN) 3354
650 14 - PUNTO DE ACCESO ADICIONAL DE MATERIA--TÉRMINO DE MATERIA
Término de materia o nombre geográfico como elemento de entrada Calendario
Subdivisión general Arte
Subdivisión geográfica México
9 (RLIN) 22594
700 1# - PUNTO DE ACCESO ADICIONAL--NOMBRE DE PERSONA
Nombre de persona Palhares Meza, Héctor
9 (RLIN) 22595
700 1# - PUNTO DE ACCESO ADICIONAL--NOMBRE DE PERSONA
Nombre de persona Mogollán García, Minerva
9 (RLIN) 22596
700 1# - PUNTO DE ACCESO ADICIONAL--NOMBRE DE PERSONA
Nombre de persona Dechant, Gregory
Término indicativo de función/relación tr.
9 (RLIN) 8727
740 0# - PUNTO DE ACCESO ADICIONAL--TÍTULO RELACIONADO O ANALÍTICO NO CONTROLADO
Título relacionado o analítico no controlado Mexican Calendars
942 ## - ELEMENTOS DE PUNTO DE ACCESO ADICIONAL (KOHA)
Fuente del sistema de clasificación o colocación Library of Congress Classification
Tipo de ítem Koha Libros
Holdings
Estado de retiro Estado de pérdida Estado dañado No para préstamo Localización permanente Ubicación/localización actual Fecha de adquisición Total de préstamos Signatura topográfica completa Código de barras Fecha visto por última vez Precio válido a partir de Tipo de ítem Koha
El ejemplar forma parte de la colección y puede ser consultado según las políticas vigentes.       Biblioteca del Museo Franz Mayer (Rogerio Casas-Alatriste) Biblioteca del Museo Franz Mayer (Rogerio Casas-Alatriste) 03/10/2018   NC1002.C3 .C35 2014 03000 22/03/2019 22/03/2019 Libros